Statistics for NFL players from College

Click here to take the quiz!

General Stats

  • This quiz has been taken 25 times
  • The average score is 9 of 16

Answer Stats

Answer% Correct
Tom Brady
90%
Daniel Jones
81%
Michael Vick
81%
Geno Smith
71%
Odell Beckham Jr
71%
Ray Lewis
71%
Teddy Bridgewater
71%
Derrek Carr
67%
Brett Favre
57%
Ian Book
38%
Calvin Johnson
33%
Michael Oher
33%
Chris Johnson
29%
Trevor Siemian
24%
Kevin Byard
19%
Feleiple Franks
14%

Score Distribution

Percentile by Number Answered

Percent of People with Each Score

Your Score History

You have not taken this quiz